00276nam a2200109Ia 4500008004100000100001400041245005400055260001700109650001500126942000800141999001700149190216s9999||||xx |||||||||||||| ||und|| aAhuja N L 0aRules And Skills Of Games And Sports Asiad 82 Edn bPankaj Books aReferences cREF c35577d35577